Sirpi Balasubramaniam: a reader (Record no. 177974)

MARC details
000 -LEADER
fixed length control field 00623nam a22001817a 4500
005 - DATE AND TIME OF LATEST TRANSACTION
control field 20210311131204.0
010 ## - LCCN (DPL NO)
LC control number ENG-129213
020 ## - INTERNATIONAL STANDARD BOOK NUMBER
Terms of availability 260.00
International Standard Book Number 978-93-89195-80-4
035 ## - SYSTEM CONTROL NUMBER
System control number EN-112745
037 ## - SOURCE OF ACQUISITION
Source of stock number/acquisition DBAD/PUB
082 ## - DEWEY DECIMAL CLASSIFICATION NUMBER
Classification number 881
245 ## - TITLE STATEMENT
Title Sirpi Balasubramaniam: a reader
Statement of responsibility, etc edited with an introduction by Indran Rajendran
260 ## - PUBLICATION, DISTRIBUTION, ETC. (IMPRINT)
Place of publication, distribution, etc New Delhi
Name of publisher, distributor, etc Sahitya Bhavan
Date of publication, distribution, etc 2019
270 ## - ADDRESS
City New Delhi
Address Rabindra Bhavan, 35, Ferozeshah Road
Electronic mail address secretary@sahitya-akademi.gov.in
Postal code 110001
Telephone number 011 23386626/27/28
300 ## - PHYSICAL DESCRIPTION
Extent 250p.
Dimensions 24cm(pbk)
700 ## - ADDED ENTRY--PERSONAL NAME
Personal name Indran Rajendran, Ed.
942 ## - ADDED ENTRY ELEMENTS (KOHA)
Source of classification or shelving scheme Dewey Decimal Classification
Item type English Books
Classification part 881
Call number suffix SIR
Holdings
Withdrawn status Lost status Not for loan Collection code Home library Current library Date acquired Source of acquisition Cost, normal purchase price Full call number Barcode Copy number Cost, replacement price Koha item type
      Non-fiction Ashok Vihar Ashok Vihar 11/03/2021 DBAD/PUB 260.00 881 SIR EN-112745 1 260.00 English Books

© Delhi Public Library
Hit Counter
free hit counter